000 00931nam 22002173 4500
001 198728
010 _a972-27-1421-X
021 _aPT
_b236456/05
090 _a198728
100 _a20251030d u||y0pory50 ba
200 _aO mal no pensamento de Sampaio (Bruno)
_euma filosofia da razão e do mistério
_fAfonso Rocha
_gprefácio Arnaldo de Pinho
210 _aLisboa
_cImprensa Nacional-Casa da Moeda
_d2006
215 _a2 vols.
_cbrochado
_d24 cm
225 _aTemas portugueses
327 _avol. I : Do mal moral ao mal metafisico : a existência ontológica do mal. A gnoseologia e a metafisica à luz do pensamento de Sampaio (Bruno). - 731, [5] p. vol. lI : A descontinuação do ser : o mystério indecifrável da origem e do fim do mal. - 465, [7] p
606 _97968
_aMetafísica geral. Ontologia
675 _a11
_vPT
_zpor
700 _914647
_aRocha
_bAfonso
801 _aPT
_bBMMN
_gRPC
830 _cVanda
990 _cLIVROS